Loading...
| Fine Arts - Classical Music | 4 | 12.50 | 100% | 25% | 0% |
| Fine Arts - Other Fine Arts | 5 | 12.00 | 60% | 20% | 40% |
| Fine Arts - Painting & Sculpture | 7 | 20.00 | 100% | 71% | 29% |
| History - American History | 5 | 10.00 | 80% | 20% | 0% |
| History - European History | 5 | 16.00 | 100% | 40% | 20% |
| History - Other History | 3 | 16.67 | 100% | 67% | 0% |
| History - World History | 5 | 10.00 | 100% | 0% | 0% |
| Literature - American Literature | 4 | 17.50 | 100% | 75% | 0% |
| Literature - British Literature | 7 | 18.57 | 100% | 86% | 0% |
| Literature - European Literature | 7 | 21.43 | 100% | 100% | 14% |
| Literature - World Literature | 5 | 14.00 | 100% | 40% | 0% |
| Mythology | 8 | 16.25 | 100% | 63% | 0% |
| Other | 6 | 15.00 | 83% | 67% | 0% |
| Philosophy | 4 | 15.00 | 100% | 50% | 0% |
| Religion | 4 | 15.00 | 75% | 75% | 0% |
| Science - Biology | 7 | 8.57 | 86% | 0% | 0% |
| Science - Chemistry | 4 | 10.00 | 75% | 25% | 0% |
| Science - Other Science | 2 | 10.00 | 100% | 0% | 0% |
| Science - Physics | 4 | 5.00 | 50% | 0% | 0% |
| Social Science | 5 | 16.00 | 100% | 40% | 20% |